5HLuxD.jpg

KING HENRY VIII SENIOR AND PRIMARY SCHOOL LIBRARY OPAC

The Bride price / (Record no. 2779)

000 -LEADER
fixed length control field 01769cam a2200457 a 4500
001 - CONTROL NUMBER
control field 17453117
003 - CONTROL NUMBER IDENTIFIER
control field OSt
005 - DATE AND TIME OF LATEST TRANSACTION
control field 20230821093405.0
008 - FIXED-LENGTH DATA ELEMENTS--GENERAL INFORMATION
fixed length control field 120905s2008 enkab 000 1 eng d
010 ## - LIBRARY OF CONGRESS CONTROL NUMBER
LC control number 2012450551
020 ## - INTERNATIONAL STANDARD BOOK NUMBER
International Standard Book Number 9780194792189 (pbk.)
020 ## - INTERNATIONAL STANDARD BOOK NUMBER
International Standard Book Number 0194792188 (pbk.)
035 ## - SYSTEM CONTROL NUMBER
System control number (OCoLC)ocn191245172
040 ## - CATALOGING SOURCE
Original cataloging agency YDXCP
Language of cataloging eng
Transcribing agency YDXCP
Modifying agency BAKER
-- BTCTA
-- SDE
-- A6Q
-- OCLCA
-- OCLCQ
-- GO4
-- DLC
-- KH8
042 ## - AUTHENTICATION CODE
Authentication code lccopycat
043 ## - GEOGRAPHIC AREA CODE
Geographic area code f-nr---
082 ## - DEWEY DECIMAL CLASSIFICATION NUMBER
Classification number 428.6 BOR
100 1# - MAIN ENTRY--PERSONAL NAME
Personal name Border, Rosemary,
Dates associated with a name 1943-
245 14 - TITLE STATEMENT
Title The Bride price /
Statement of responsibility, etc. Buchi Emecheta ; retold by Rosemary Border.
250 ## - EDITION STATEMENT
Edition statement Simplified ed.
260 ## - PUBLICATION, DISTRIBUTION, ETC.
Place of publication, distribution, etc. Oxford :
Name of publisher, distributor, etc. Oxford University Press,
Date of publication, distribution, etc. c2008.
300 ## - PHYSICAL DESCRIPTION
Extent 104 p. :
Other physical details ill., map ;
Dimensions 20 cm.
490 0# - SERIES STATEMENT
Series statement Oxford bookworms library. Human interest. Stage 5
500 ## - GENERAL NOTE
General note Includes glossary and activities.
520 ## - SUMMARY, ETC.
Summary, etc. Aku-nna, a young Ibo girl schooled in her people's rituals and beliefs, undergoes kidnapping, forced betrothal, and near-shame out of love for Chike, son of a former slave.
650 #0 - SUBJECT ADDED ENTRY--TOPICAL TERM
Topical term or geographic name entry element Readers (Adult)
650 #0 - SUBJECT ADDED ENTRY--TOPICAL TERM
Topical term or geographic name entry element Reading comprehension
Form subdivision Problems, exercises, etc.
650 #0 - SUBJECT ADDED ENTRY--TOPICAL TERM
Topical term or geographic name entry element English language
Form subdivision Textbooks for foreign speakers.
650 #0 - SUBJECT ADDED ENTRY--TOPICAL TERM
Topical term or geographic name entry element High interest-low vocabulary books.
650 #0 - SUBJECT ADDED ENTRY--TOPICAL TERM
Topical term or geographic name entry element Bride price
Geographic subdivision Nigeria
Form subdivision Fiction.
650 #0 - SUBJECT ADDED ENTRY--TOPICAL TERM
Topical term or geographic name entry element Girls
Geographic subdivision Nigeria
Form subdivision Fiction.
650 #0 - SUBJECT ADDED ENTRY--TOPICAL TERM
Topical term or geographic name entry element Orphans
Geographic subdivision Nigeria
Form subdivision Fiction.
650 #0 - SUBJECT ADDED ENTRY--TOPICAL TERM
Topical term or geographic name entry element Man-woman relationships
Geographic subdivision Nigeria
Form subdivision Fiction.
650 #0 - SUBJECT ADDED ENTRY--TOPICAL TERM
Topical term or geographic name entry element Spouses
Geographic subdivision Nigeria
Form subdivision Fiction.
651 #0 - SUBJECT ADDED ENTRY--GEOGRAPHIC NAME
Geographic name Nigeria
General subdivision Social life and customs
Form subdivision Fiction.
655 #0 - INDEX TERM--GENRE/FORM
Genre/form data or focus term Romance fiction.
700 1# - ADDED ENTRY--PERSONAL NAME
Personal name Emecheta, Buchi.
Title of a work Bride price.
906 ## - LOCAL DATA ELEMENT F, LDF (RLIN)
a 7
b cbc
c copycat
d 2
e ncip
f 20
g y-gencatlg
942 ## - ADDED ENTRY ELEMENTS (KOHA)
Source of classification or shelving scheme
Koha item type Teaching Resources
Holdings
Withdrawn status Lost status Source of classification or shelving scheme Damaged status Not for loan Collection code Permanent Location Current Location Shelving location Date acquired Total Checkouts Full call number Barcode Date due Date last seen Date last checked out Price effective from Koha item type
          Teaching Resources KH8 Senior School Library KH8 Senior School Library Staff Office 2023-08-21 1 428.6 BOR TRKHSL002160 2025-07-04 2024-11-08 2024-11-08 2023-08-21 Teaching Resources

Powered By KH8 IT Dept